Entry Nombre personal
001 - NÚMERO DE CONTROL
- campo de control: 111679
003 - IDENTIFICADOR DE NÚMERO DE CONTROL
- campo de control: OSt
005 - FECHA Y HORA DE LA ÚLTIMA TRANSACCIÓN
- campo de control: 20260421123836.0
008 - ELEMENTOS DE DATO DE LONGITUD-FIJA
- campo de control de longitud fija: 260421|| aca||aabn | a|a d
024 7# - IDENTIFICADOR DE OTROS ESTÁNDARES
- Fuente: BNE
- Número estándar o código: XX1378015
024 8# - IDENTIFICADOR DE OTROS ESTÁNDARES
- Número estándar o código: https://www.museodelprado.es/coleccion/artista/wd/6cdf4baf-bec 9-4f4d-a4fa-947c12b9fece
024 8# - IDENTIFICADOR DE OTROS ESTÁNDARES
- Número estándar o código: https://data.cervantesvirtual.com/person/11465
024 7# - IDENTIFICADOR DE OTROS ESTÁNDARES
- Fuente: VIAF
- Número estándar o código: http://viaf.org/viaf/87142629/
024 7# - IDENTIFICADOR DE OTROS ESTÁNDARES
- Fuente: ISNI
- Número estándar o código: https://isni.org/isni/0000000116823739
024 7# - IDENTIFICADOR DE OTROS ESTÁNDARES
- Fuente: wikidata
- Número estándar o código: http://www.wikidata.org/entity/Q2778298
040 ## - FUENTE DE CATALOGACIÓN
- Centro catalogador/agencia de origen: M-RABA
046 ## - FECHAS CON CODIFICACIÓN ESPECIAL
- Fecha de nacimiento: 1727
- Fecha de la muerte: 1797
100 1# - ENCABEZAMIENTO-NOMBRE DE PERSONA
- Nombre de persona: Álvarez, Manuel
- Fechas asociadas al nombre: 1727-1797
370 ## - LUGAR ASOCIADO
- Lugar de nacimiento: Salamanca
374 ## - OCUPACIÓN
- Ocupación: escultores
375 ## - GÉNERO/SEXO
- Género: Masculino
377 ## - IDIOMA ASOCIADO
- Término de lengua/lenguaje: Español
400 1# - TRAZADO DE VÉASE--NOMBRE DE PERSONA
- Nombre de persona: Álvarez de la Peña, Manuel Francisco
- Fechas asociadas al nombre: 1727-1797
670 ## - FUENTE DE DATOS ENCONTRADOS
- Cita de la fuente: El desembarco de Colón en la isla del Salvador
- Información encontrada: autor (Manuel Álvarez)
670 ## - FUENTE DE DATOS ENCONTRADOS
- Cita de la fuente: WWW BNE aut, (21/04/2026)
- Información encontrada: (Álvarez de la Peña, Manuel Francisco)